000 00971nam a22002297a 4500
999 _c7760
_d7760
003 AR-CdUCM
008 190321b ||||| |||| 00| 0 spa d
040 _aMUNICIPALIDAD PROVINCIAL DEL CUSCO
_cBIBLIOTECA MUNICIPAL DEL CUSCO
082 _a937.007 /
_bM19
100 _aMalet, Albert
_921924
245 _aRoma :
_bedición enteramente refundida y puesta al día /
260 _aBuenos Aires :
_bLibreria Hachette,
_c1943.
300 _a188 páginas ;
_bilustraciones ; mapas ;
_c19 cm.
505 _aContenido : Italia primitiva -- Roma bajo los reyes -- La república -- La religión y la familia -- Roma y los pueblos vecinos -- La ley de las doce tablas -- Las luchas sociales y políticas -- El ejercito romano ...
650 _aHistoria
_9136
650 _aTextos escolares (Francia)
_921925
650 _aRoma
_92474
700 _aMaquet, Carlos (colaborador)
_921926
700 _aBinayán, Narciso (colaborador)
_921927
942 _2ddc
_cLIBROS
945 _azta